000 00551nam a22001937a 4500
003 NUST - PNEC
005 20170116180759.0
008 150411b xxu||||| |||| 00| 0 eng d
020 _a8120720067
040 _cLIBRARY
082 _a428.2 PAN
100 _92373
_a Panda, Maheswar
245 _aThe Sterling book of words & their usages
_c Panda, Maheswar
250 _a-
260 _aIndia
_bNew Delhi
_cC 1999
300 _a185 . :
650 _92374
_aThe Sterling book of words & their usages
_xEnglish language--Grammar
942 _2ddc
_cBK
999 _c62885
_d62885